Online
Catalog

Ciencia, educación y positivismo en el siglo XIX venezolano / (Record no. 21667)

MARC details
000 -CABECERA
campo de control de longitud fija 01052nam a2200241 a 4500
001 - NÚMERO DE CONTROL
campo de control 000022169
005 - FECHA Y HORA DE LA ÚLTIMA TRANSACCIÓN
campo de control 20251210122428.0
008 - DATOS DE LONGITUD FIJA--INFORMACIÓN GENERAL
campo de control de longitud fija 100917s1995 ve bd r 000 0 spa d
020 ## - NÚMERO INTERNACIONAL ESTÁNDAR DEL LIBRO
Número Internacional Estándar del Libro 98022287103163
040 ## - FUENTE DE LA CATALOGACIÓN
Centro catalogador/agencia de origen DO-SdBNP
Lengua de catalogación spa
Centro/agencia transcriptor BNPHU
082 ## - NÚMERO DE LA CLASIFICACIÓN DECIMAL DEWEY
Número de clasificación 373.987
Número de documento/Ítem B594c
100 1# - ENTRADA PRINCIPAL--NOMBRE DE PERSONA
Nombre de persona Bigott, Luis Antonio,
9 (RLIN) 45868
245 10 - MENCIÓN DE TÍTULO
Título Ciencia, educación y positivismo en el siglo XIX venezolano /
Mención de responsabilidad, etc. Luis Antonio Bigott.
260 ## - PUBLICACIÓN, DISTRIBUCIÓN, ETC.
Lugar de publicación, distribución, etc. Caracas, Venezuela :
Nombre del editor, distribuidor, etc. Academia Nacional de la Historia,
Fecha de publicación, distribución, etc. 1995.
300 ## - DESCRIPCIÓN FÍSICA
Extensión 464 p. :
Otras características físicas il., gráficos, mapas. ;10 ;
Dimensiones 23 cm.
490 1# - MENCIÓN DE SERIE
Mención de serie La biblioteca de la academia nacional de la historia
-- Estudios, monografías y ensayos ;
Designación de volumen o secuencia 169
500 ## - NOTA GENERAL
Nota general Incluye bibliografía p. [444-464].
500 ## - NOTA GENERAL
Nota general Incluye referencias bibliográficas y notas al pie de las páginas.
504 ## - NOTA DE BIBLIOGRAFÍA, ETC.
Nota de bibliografía, etc. Bibliografía : p. 444-464
650 #4 - PUNTO DE ACCESO ADICIONAL DE MATERIA--TÉRMINO DE MATERIA
Término de materia o nombre geográfico como elemento de entrada Educación secundaria
Subdivisión geográfica Venezuela
Subdivisión cronológica SIGLO XX
9 (RLIN) 45869
650 #0 - PUNTO DE ACCESO ADICIONAL DE MATERIA--TÉRMINO DE MATERIA
Término de materia o nombre geográfico como elemento de entrada Positivismo
9 (RLIN) 2423
830 #0 - PUNTO DE ACCESO ADICIONAL DE SERIE-TÍTULO UNIFORME
Título uniforme La biblioteca de la Academia Nacional de la Historia
Subencabezamiento de forma Estudios, monografías y ensayos ;
Número de parte o sección de la obra 169
9 (RLIN) 45870
Holdings
Estado de retiro Estado de pérdida Restricciones de uso No para préstamo Código de colección Localización permanente Ubicación/localización actual Ubicación en estantería Fecha de adquisición Número de inventario Total de préstamos Signatura topográfica completa Código de barras Fecha visto por última vez Precio válido a partir de Tipo de ítem Koha Número de copia
      Excluido de préstamo Monografías: Libros y Folletos General General Depósito 17.09.2010 LF1   373.987 B594c 22169-10 25.06.2020 25.06.2020 No se presta  
  Extraviado   Excluido de préstamo Monografías: Libros y Folletos General General Extraviado 02.06.2017 LF1   373.987 B594c 22169-20 25.06.2020 25.06.2020 No se presta e. 2

Powered by Koha